The law of contract : (Record no. 151651)

MARC details
000 -LEADER
fixed length control field 00966nam a22002417a 4500
005 - DATE AND TIME OF LATEST TRANSACTION
control field 20180504170252.0
010 ## - LCCN (DPL NO)
LC control number ENG-122740-41
020 ## - INTERNATIONAL STANDARD BOOK NUMBER
International Standard Book Number 9788131253946 (V.1)
Terms of availability 4395.00 (Set of 2 vols.)
020 ## - INTERNATIONAL STANDARD BOOK NUMBER
International Standard Book Number 9788131253946 (V.2)
Terms of availability 4395.00 (Set of 2 vols.)
035 ## - SYSTEM CONTROL NUMBER
System control number EN-106272-73
037 ## - SOURCE OF ACQUISITION
Source of stock number/acquisition DBAD/PUB.
082 ## - DEWEY DECIMAL CLASSIFICATION NUMBER
Classification number 346.5402
100 ## - MAIN ENTRY--PERSONAL NAME
Personal name Markanda P C
245 ## - TITLE STATEMENT
Title The law of contract :
Statement of responsibility, etc by P C Markanda; Naresh Markanda [and] Rajesh Markanda
Remainder of title with special emphasis on the law relating to Government Contracts, Tenders and Blacklisting / /
250 ## - EDITION STATEMENT
Edition statement 4th edition
260 ## - PUBLICATION, DISTRIBUTION, ETC. (IMPRINT)
Place of publication, distribution, etc Gurgaon
Name of publisher, distributor, etc LexisNexis
Date of publication, distribution, etc 2018
270 ## - ADDRESS
Address 14th floor, Building No. 10, Tower-B, DLF Cyber City, Phase-II,
City Gurgaon
Postal code 122002
300 v# - PHYSICAL DESCRIPTION
Extent 2v.(xxxix,1176p.; 1177-2189p.)
Dimensions 24cm(Hb)
500 ## - GENERAL NOTE
General note It include consolidated table of cases of volume 1 & 2
700 ## - ADDED ENTRY--PERSONAL NAME
Personal name Markanda, Naresh
700 ## - ADDED ENTRY--PERSONAL NAME
Personal name Markanda, Rajesh
942 ## - ADDED ENTRY ELEMENTS (KOHA)
Source of classification or shelving scheme Dewey Decimal Classification
Item type English Books
Call number suffix MAR
Classification part 346.5402
Holdings
Withdrawn status Lost status Not for loan Collection code Home library Current library Date acquired Source of acquisition Cost, normal purchase price Full call number Barcode Copy number Cost, replacement price Koha item type
    Not For Loan Non-fiction D.B.Act.Division Patel Nagar 23/04/2018 DBAD/PUB 4395.00 346.5402 MAR EN-106272 1 4395.00 English Books
    Not For Loan Non-fiction D.B.Act.Division Patel Nagar 23/04/2018 DBAD/PUB 4395.00 346.5402 MAR EN-106273 1 4395.00 English Books

© Delhi Public Library
Hit Counter
free hit counter